La chaqueta (Record no. 161324)

MARC details
000 -LEADER
campo de control de longitud fija 00878nam a22001695i 4500
001 - NÚMERO DE CONTROL
campo de control 161324
003 - IDENTIFICADOR DE NÚMERO DE CONTROL
campo de control ES-MaACL
005 - FECHA Y HORA DE LA ÚLTIMA TRANSACCIÓN
campo de control 20230906212246.0
008 - DATOS DE LONGITUD FIJA--INFORMACIÓN GENERAL
campo de control de longitud fija 041014s1868 sp |||| | spa d
040 ## - FUENTE DE CATALOGACIÓN
Centro catalogador/agencia de origen CAM
Lengua de catalogación spa
Centro/agencia transcriptor CAM
100 1# - ENTRADA PRINCIPAL--NOMBRE DE PERSONA
Nombre de persona Palomino de Guzmán, Rafael Leopoldo.
9 (RLIN) 139785
245 13 - MENCIÓN DEL TÍTULO
Título La chaqueta
Resto del título : comedia crítica, en un acto y en prosa /
Mención de responsabilidad, etc. original de R. Leopoldo Palomino de Guzmán.
260 ## - PUBLICACIÓN, DISTRIBUCIÓN, ETC.
Lugar de publicación, distribución, etc. Madrid :
Nombre del editor, distribuidor, etc. [s.n.],
Fecha de publicación, distribución, etc. 1868 (
Fabricante Imp. José Morales y Rodríguez)
300 ## - DESCRIPCIÓN FÍSICA
Extensión 27 p. ;
Dimensiones 19 cm.
500 ## - NOTA GENERAL
Nota general En port.: Estrenada en el teatro de Verano (Circo de Paul) en la noche del 10 de Agosto de 1868, á beneficio del primer actor de carácter, D. Cipriano Martínez.
852 ## - LOCALIZACIÓN
Ubicación ES-MaACL
Número de control de estantería F-8564(12)
Nota libre -- Enc. pasta española
condición física -- Falto de la cub. original
Nota libre -- Enc. en un vol. facticio formando parte de la col. facticia "Teatro español moderno", vol. 16
Holdings
Estatus retirado Estado de pérdida Estado de daño No para préstamo Colección Biblioteca de origen Biblioteca actual Ubicación en estantería Fecha de adquisición Total de préstamos Signatura topográfica completa Código de barras Visto por última vez Precio de reemplazo Tipo de ítem Koha
        Libros del s. XIX Biblioteca del Ateneo de Madrid Biblioteca del Ateneo de Madrid Sala Pecera Planta 2 17/01/2008   F-8564(12) 1168975 23/02/2023 23/02/2023 Libro impreso antiguo